Statistics for Elements named after people

Click here to take the quiz!

General Stats

  • This quiz has been taken 2,080 times
    (1,879 since last reset)
  • The average score is 8 of 14

Answer Stats

HintAnswer% Correct
German-born theoretical physicist; developed the theory of relativityEinsteinium
96%
French/Polish couple of physicist; pioneers of research on radioactivityCurium
90%
Russian chemist and inventor; created the periodic table of elementsMendelevium
80%
Inventor of dynamite; posthumously established a scientific awardNobelium
76%
Danish physicist; made contributions to atomic structure and quantum mechanicsBohrium
69%
New Zealand-British chemist and physicist; considered as the father of nuclear physicsRutherfordium
69%
Renaissance astronomer; formulated a comprehensive heliocentric cosmologyCopernicium
68%
Italian-born physicist; known for his work on the development of the first nuclear reactorFermium
59%
German physicist; discovered X-raysRoentgenium
57%
American physicist, known for the invention of the cyclotron atom-smasherLawrencium
52%
American scientist; contributed to the discovery and isolation of ten new elementsSeaborgium
49%
Austrian-born physicist; part of the team that discovered nuclear fissionMeitnerium
39%
Soviet physicist and founder of a Russian research instituteFlerovium
26%
Finnish chemist; physicist and mineralogist; founder of Finnish chemistry researchGadolinium
19%

Score Distribution

Percentile by Number Answered

Percent of People with Each Score

Your Score History

You have not taken this quiz since the last reset